000 00651nam a2200205 a 4500
999 _c1610
_d1610
001 1610
003 BD-JhCC
005 20171022163010.0
008 171022s2007 bg |||| |||| 000 0 ben d
035 _a(BD-JhCC)1610
040 _aBD-JhCC
_dBD-JhCC
041 _aben
082 _a891.4414
_bSHA 2007
100 _aশাকুর, আবদুশ
245 _aবাঙালির মুক্তির গান /
_cআবদুশ শাকুর
260 _aঢাকা :
_bমাওলা ব্রাদার্স ;
_c২০০৭
300 _a১৬০ পৃ. ;
_c২২ সে.মি.
650 _aPatriotic songs
942 _2ddc
_cBK